000 00958cam a2200337 a 4500
003 OCoLC
005 20241220110128.0
008 030827s2004 nyu 000 1 eng
001 52970239
010 _a 2003062329
020 _a0399151710
035 _a(Sirsi) i9780399151712
040 _aDLC
_cDLC
_dYDX
_dSX@
043 _an-us-ny
082 0 0 _a813/.54
_222
099 _aRobb, J
082 _aROB
092 _aROB
100 1 _aRobb, J. D.,
_d1950-
_943194
245 1 0 _aVisions in death /
_cJ.D. Robb.
260 _aNew York :
_bG.P. Putnam's Sons,
_c2004.
300 _a338 p. ;
_c24 cm.
650 0 _aDallas, Eve (Fictitious character)
_vFiction.
_95673705
650 0 _aPolice
_zNew York (State)
_zNew York
_vFiction.
_95674053
650 0 _aPolicewomen
_vFiction.
_95674055
651 0 _aNew York (N.Y.)
_vFiction.
_95673704
655 7 _aMystery fiction.
_2gsafd
_96108052
942 _cBOOK
_040
979 _a315650
998 _aa25374
999 _c13086
_d13086